[Event "TCh-FRA Top 16 GpB 2022"]
[Site "Chartres FRA"]
[Date "2022.06.12"]
[Round "4.1"]
[Board "8"]
[White "Ruhlmann, Helene"]
[Black "Guichard, Pauline"]
[Result "0-1"]
[BlackTitle "IM"]
[WhiteElo "1787"]
[BlackElo "2377"]
[WhiteTeam "Echiquier de l'Erdre"]
[BlackTeam "Asnieres - Le Grand Echiquier"]
[WhiteFideId "20643209"]
[BlackFideId "639370"]
[EventDate "2022.06.09"]

1. d4 Nf6 2. c4 e6 3. Nc3 Bb4 4. e3 O-O 5. Bd3 d5 6. Ne2 c5 7. a3 Bxc3+ 8. bxc3
b6 9. O-O dxc4 10. Bxc4 Qc7 11. Ba2 Rd8 12. Bb2 c4 13. Qc2 Bb7 14. f3 e5 15. e4
Nbd7 16. Rad1 Rac8 17. Ng3 Nf8 18. Nf5 Ng6 19. a4 Ne7 20. Ne3 Ba6 21. Ba3 Ne8
22. Ng4 Nc6 23. d5 Ne7 24. d6 Nxd6 25. Nxe5 Nb7 26. Ng4 Nc5 27. Rd4 Nd3 28. Ne3
Ng6 29. Nd5 Qe5 30. Rd1 Re8 31. Ne3 Qg5 32. Qd2 Nge5 33. Rf1 Nf4 34. Nd5 Ned3
35. Nxf4 Nxf4 36. g3 Ne6 37. Qxg5 Nxg5 38. Kf2 b5 39. a5 Ne6 40. Rd7 Rcd8 41.
Rfd1 Bc8 42. Rxd8 Rxd8 43. Rxd8+ Nxd8 44. Bc5 Nc6 45. Bb1 f6 46. e5 f5 47. f4
Kf7 48. Bc2 a6 49. Bb6 Be6 50. Bd1 Bd5 51. g4 g6 52. gxf5 gxf5 53. Bh5+ Ke6 54.
Ke3 Be4 55. Be8 Ne7 56. Bc5 Nd5+ 57. Kd2 Nxf4 58. Bd4 Nd3 59. Ke2 Nxe5 60. Bxe5
Kxe5 61. Bd7 Bb7 0-1

[Event "TCh-FRA Top 16 GpB 2022"]
[Site "Chartres FRA"]
[Date "2022.06.12"]
[Round "4.2"]
[Board "1"]
[White "Van Foreest, Jorden"]
[Black "Rouler, Charly"]
[Result "1-0"]
[WhiteTitle "GM"]
[BlackTitle "FM"]
[WhiteElo "2702"]
[BlackElo "2346"]
[WhiteTeam "Clichy-Echecs-92"]
[BlackTeam "Lyon Olympique Echecs"]
[WhiteFideId "1039784"]
[BlackFideId "621692"]
[EventDate "2022.06.09"]

1. e4 c5 2. Nf3 e6 3. d4 cxd4 4. Nxd4 a6 5. c4 Nf6 6. Nc3 d6 7. Be3 Be7 8. g4
Nc6 9. g5 Nd7 10. h4 Nxd4 11. Qxd4 O-O 12. f4 e5 13. Qd2 exf4 14. Bxf4 Ne5 15.
O-O-O Be6 16. c5 Bg4 17. cxd6 Bxd6 18. Qxd6 Bxd1 19. Bxe5 Bg4 20. Bc4 Qxd6 21.
Bxd6 Rfd8 22. e5 Be6 23. Bxe6 fxe6 24. Kd2 Rac8 25. Ke3 Rc4 26. Ne2 Rg4 27. Nf4 1-0

[Event "TCh-FRA Top 16 GpB 2022"]
[Site "Chartres FRA"]
[Date "2022.06.12"]
[Round "4.2"]
[Board "2"]
[White "Marzolo, Cyril"]
[Black "Amin, Bassem"]
[Result "0-1"]
[WhiteTitle "IM"]
[BlackTitle "GM"]
[WhiteElo "2378"]
[BlackElo "2681"]
[WhiteTeam "Lyon Olympique Echecs"]
[BlackTeam "Clichy-Echecs-92"]
[WhiteFideId "608653"]
[BlackFideId "10601457"]
[EventDate "2022.06.09"]

1. d4 Nf6 2. Nf3 g6 3. Nc3 d5 4. Bf4 Bg7 5. Nb5 Na6 6. e3 c6 7. Nc3 Nc7 8. h3
O-O 9. Be2 Nce8 10. O-O Nd6 11. Ne5 Nd7 12. Nxd7 Bxd7 13. b3 Re8 14. Bf3 Bf5 15.
g4 Be6 16. Be5 f6 17. Bg3 Qd7 18. Bg2 Bf7 19. f4 Rad8 20. Qd3 g5 21. Rad1 f5 22.
fxg5 fxg4 23. h4 Bg6 24. Qe2 Nf5 0-1

[Event "TCh-FRA Top 16 GpB 2022"]
[Site "Chartres FRA"]
[Date "2022.06.12"]
[Round "4.2"]
[Board "3"]
[White "Vocaturo, Daniele"]
[Black "Crut, Aurelien"]
[Result "1/2-1/2"]
[WhiteTitle "GM"]
[BlackTitle "IM"]
[WhiteElo "2608"]
[BlackElo "2354"]
[WhiteTeam "Clichy-Echecs-92"]
[BlackTeam "Lyon Olympique Echecs"]
[WhiteFideId "813192"]
[BlackFideId "610569"]
[EventDate "2022.06.09"]

1. e4 e6 2. d4 d5 3. Nc3 Be7 4. Bd3 Nc6 5. Nf3 Nb4 6. Be2 dxe4 7. Nxe4 Nf6 8.
Nxf6+ Bxf6 9. a3 Nc6 10. Bb5 Bd7 11. O-O O-O 12. Re1 Ne7 13. Bf1 Ng6 14. c3 Bc6
15. Bd3 Re8 16. Bxg6 hxg6 17. Bf4 b6 18. Ne5 Bb7 19. Qg4 Qe7 20. Nc4 Rad8 21.
Qg3 Bh4 22. Qh3 Bf6 23. Qg3 Bh4 24. Qe3 Bf6 25. Rad1 Qd7 26. Qg3 Rc8 27. Be5 Qc6
28. Ne3 Bxe5 29. dxe5 Rcd8 30. Qg5 Rd7 31. h4 Ree7 32. Qg4 Rxd1 33. Rxd1 Rd7 34.
Rd4 Rxd4 35. Qxd4 Qe8 36. f4 Bc6 37. Kf2 Qe7 38. g3 Kf8 39. b4 Qd7 40. Qxd7 Bxd7
41. Ke2 Bb5+ 42. c4 Ba6 43. Kd3 Ke7 44. Kd4 Bb7 45. Nd1 Kd7 46. Nc3 Bc6 47. a4
Kc8 48. c5 Kd7 49. Kc4 Kc8 50. b5 Bg2 51. Kb4 Bf3 52. a5 Kb7 53. Nb1 Be4 54. Nd2
Bd5 55. Nf1 Bf3 56. Ne3 Be2 57. Nc2 Bd3 58. Nd4 Be4 59. g4 Kc8 60. g5 Kb7 61.
Ne2 Bf3 62. Nc3 Kc8 63. Na4 Kb7 64. Nb2 Be2 65. Na4 Bf3 66. Nc3 Kc8 67. Nb1 Kb7
68. Nd2 Bd5 69. Nf1 Bf3 70. Nd2 Bd5 71. Nb1 Be4 72. Nc3 Bf3 73. cxb6 cxb6 74.
axb6 axb6 75. Kc4 Kc7 76. Kd4 Bg2 77. Ke3 Kd7 78. Kf2 Bb7 79. Kg3 Ba8 80. Kg4
Bg2 81. Kg3 Bb7 82. Ne2 Be4 83. Nd4 Bd3 84. Kf2 Ke7 85. Ke3 Bf1 86. Kd2 Kd7 87.
Kc3 Ke7 88. Kb4 Bd3 89. Nb3 Kd7 90. Nc1 Bf1 91. Na2 Bd3 92. Nc3 Kc7 93. Nd1 Kd7
94. Nf2 Bc2 95. Kc3 Bf5 96. Kd4 Bc2 97. Kc3 Bf5 98. Nd1 Bg4 99. Nf2 Bf5 100. Kd4
Bc2 101. Nh1 Ba4 102. Kc4 Bd1 103. Ng3 Bf3 104. Kd4 Ke7 105. Ke3 Bd5 106. Ne2
Bc4 107. Nc3 Bf1 108. Kd4 Kd8 109. Ke3 Ke7 110. Na4 Bxb5 111. Nxb6 Bc6 112. Kd4
Bf3 113. Kc5 Bg2 114. Nc4 Bd5 115. Nd6 Bf3 116. Kd4 Bg2 117. Ke3 Bc6 118. Kf2
Bd5 119. Kg3 Bb3 120. Kg4 Bd1+ 1/2-1/2

[Event "TCh-FRA Top 16 GpB 2022"]
[Site "Chartres FRA"]
[Date "2022.06.12"]
[Round "4.2"]
[Board "4"]
[White "Buscara, Sevan"]
[Black "Libiszewski, Fabien"]
[Result "1/2-1/2"]
[WhiteTitle "IM"]
[BlackTitle "GM"]
[WhiteElo "2386"]
[BlackElo "2519"]
[WhiteTeam "Lyon Olympique Echecs"]
[BlackTeam "Clichy-Echecs-92"]
[WhiteFideId "650234"]
[BlackFideId "616834"]
[EventDate "2022.06.09"]

1. d4 Nf6 2. c4 g6 3. Nc3 Bg7 4. e4 d6 5. Bd3 O-O 6. Nge2 Nc6 7. O-O Nh5 8. Be3
e5 9. d5 Nd4 10. Nb5 Nxe2+ 11. Bxe2 a6 12. Nc3 Nf4 13. Bf3 f5 14. exf5 gxf5 15.
Bxf4 exf4 16. Qd2 Qh4 17. Ne2 Be5 18. g3 fxg3 19. fxg3 Qf6 20. Rab1 Bd7 21. b4
Kh8 22. Rb3 b6 23. Kh1 a5 24. b5 Rae8 1/2-1/2

[Event "TCh-FRA Top 16 GpB 2022"]
[Site "Chartres FRA"]
[Date "2022.06.12"]
[Round "4.2"]
[Board "5"]
[White "Kosteniuk, Alexandra"]
[Black "Brailly-Vignal, Bastien"]
[Result "1-0"]
[WhiteTitle "GM"]
[BlackTitle "FM"]
[WhiteElo "2510"]
[BlackElo "2361"]
[WhiteTeam "Clichy-Echecs-92"]
[BlackTeam "Lyon Olympique Echecs"]
[WhiteFideId "4128125"]
[BlackFideId "658804"]
[EventDate "2022.06.09"]

1. e4 c5 2. Nc3 d6 3. f4 Nc6 4. Nf3 g6 5. Bb5 Bd7 6. d3 Bg7 7. Bc4 e6 8. f5 Nd4
9. fxe6 fxe6 10. Nxd4 cxd4 11. Ne2 Qh4+ 12. g3 Qh5 13. Qd2 b5 14. Bb3 Nh6 15.
O-O Ng4 16. Nf4 Qe5 17. Qe2 Nf6 18. c3 O-O 19. cxd4 Qxd4+ 20. Be3 Qe5 21. Rac1
Rac8 22. Rxc8 Rxc8 23. Bxa7 d5 24. exd5 Qxe2 25. Nxe2 Nxd5 26. Bd4 Nb4 27. Bxg7
Kxg7 28. d4 Rc6 29. Rd1 Rd6 30. Nc3 Bc6 31. a3 Na6 32. Kf2 b4 33. Ne2 Kf6 34.
Rc1 bxa3 35. bxa3 Bd5 36. Bxd5 Rxd5 37. Rc4 Ke7 38. Nc3 Rf5+ 39. Ke2 Rh5 40. h4
Kd7 41. Ne4 Ra5 42. a4 Ke7 43. Nc3 g5 44. h5 Rf5 45. Rc6 Nb8 46. Rc7+ Nd7 47.
Ra7 h6 48. Ne4 Kd8 49. Ra8+ Ke7 50. Rh8 Nf8 51. Rxh6 g4 52. Rh8 Ra5 53. h6 Rxa4
54. h7 Ra2+ 55. Nd2 1-0

[Event "TCh-FRA Top 16 GpB 2022"]
[Site "Chartres FRA"]
[Date "2022.06.12"]
[Round "4.2"]
[Board "6"]
[White "Astolfi, Frederic"]
[Black "Delorme, Axel"]
[Result "0-1"]
[BlackTitle "GM"]
[WhiteElo "2126"]
[BlackElo "2464"]
[WhiteTeam "Lyon Olympique Echecs"]
[BlackTeam "Clichy-Echecs-92"]
[WhiteFideId "601179"]
[BlackFideId "632023"]
[EventDate "2022.06.09"]

1. d4 Nf6 2. Nf3 e6 3. Bg5 h6 4. Bh4 d6 5. Nbd2 g5 6. Bg3 Nh5 7. e3 Bg7 8. Bd3
Nd7 9. c3 Qe7 10. Qe2 a6 11. O-O-O b5 12. Nb3 Nb6 13. Nfd2 Nxg3 14. hxg3 Bd7 15.
Na5 Na4 16. Qf3 d5 17. Ndb3 c5 18. dxc5 Nxc5 19. Nxc5 Qxc5 20. Nb3 Qc7 21. Kb1
Rb8 22. e4 dxe4 23. Bxe4 Ke7 24. Nd4 b4 25. c4 Ba4 26. Nc6+ Bxc6 27. Bxc6 Rhd8
28. Rhe1 Rxd1+ 29. Rxd1 Rd8 30. Rxd8 Qxd8 31. Ba4 Qd2 32. Bc2 Bd4 33. Qd1 Qxf2
34. g4 a5 35. Qd3 Kd6 36. Kc1 Kc5 37. b3 Qxg2 38. Qe4 Qf1+ 39. Bd1 Qf2 40. Bf3
Be3+ 0-1

[Event "TCh-FRA Top 16 GpB 2022"]
[Site "Chartres FRA"]
[Date "2022.06.12"]
[Round "4.2"]
[Board "7"]
[White "Harutyunyan, Ruben"]
[Black "Jrade, Willis"]
[Result "1-0"]
[WhiteTitle "FM"]
[WhiteElo "2395"]
[BlackElo "2132"]
[WhiteTeam "Clichy-Echecs-92"]
[BlackTeam "Lyon Olympique Echecs"]
[WhiteFideId "26042410"]
[BlackFideId "20602405"]
[EventDate "2022.06.09"]

1. e4 c5 2. Ne2 e6 3. d4 cxd4 4. Nxd4 a6 5. c4 Nf6 6. Nc3 d6 7. Be2 Be7 8. Be3
O-O 9. O-O b6 10. Qd2 Bb7 11. f3 Qc7 12. Rfc1 Rc8 13. a4 Qd8 14. a5 bxa5 15. Nb3
Nc6 16. Na4 Nd7 17. Rd1 Rab8 18. c5 Nxc5 19. Nbxc5 dxc5 20. Nxc5 Qxd2 21. Rxd2
Bxc5 22. Bxc5 Rd8 23. Rad1 Rxd2 24. Rxd2 Rd8 25. Rxd8+ Nxd8 26. Kf2 f6 27. Ke3
Kf7 28. Bc4 g6 29. Kd3 g5 30. Bd6 Bc8 31. Kd4 Ke8 32. Kc5 Kd7 33. Bg3 Nc6 34.
Bb3 Nb4 35. Ba4+ Kd8 36. Kd6 Nd3 37. b3 h6 38. h4 Nb2 39. Bc6 Nd3 40. Bh2 Nb4
41. Ba4 gxh4 42. Bg1 Bb7 43. Bd7 1-0

[Event "TCh-FRA Top 16 GpB 2022"]
[Site "Chartres FRA"]
[Date "2022.06.12"]
[Round "4.2"]
[Board "8"]
[White "Djidjeli, Sarah"]
[Black "Afraoui, Anaelle"]
[Result "0-1"]
[WhiteTitle "WFM"]
[BlackTitle "WFM"]
[WhiteElo "2055"]
[BlackElo "2123"]
[WhiteTeam "Lyon Olympique Echecs"]
[BlackTeam "Clichy-Echecs-92"]
[WhiteFideId "36067474"]
[BlackFideId "20654383"]
[EventDate "2022.06.09"]

1. e4 c5 2. Nf3 Nc6 3. Bb5 d6 4. O-O Bd7 5. Re1 Nf6 6. c3 a6 7. Bf1 Bg4 8. d3 g6
9. Nbd2 b5 10. h3 Bxf3 11. Nxf3 Bg7 12. a4 b4 13. a5 O-O 14. Qa4 Qc7 15. d4 bxc3
16. bxc3 Nd7 17. Be3 Rfb8 18. Bc4 Ra7 19. Bxf7+ Kh8 20. Qa2 cxd4 21. cxd4 Nb4
22. Qe6 Nf8 23. Qg4 Qd7 24. Qh4 e5 25. Bc4 Nc2 26. Ng5 Nxe1 27. Nf7+ Qxf7 28.
Bxf7 Nc2 29. Rc1 Nxe3 30. Ba2 Rb2 31. Bb1 Nc4 32. d5 Nxa5 33. Qd8 Nb3 34. Rd1
Rf7 35. f3 Rd7 36. Qc8 Nc5 37. Bd3 a5 38. Qa8 a4 39. Ba6 a3 40. Bc8 a2 41. Bxd7
Rb1 42. Rf1 a1=Q 43. Qxa1 Rxa1 44. Rxa1 Nfxd7 45. Ra8+ Bf8 46. Kf2 Kg8 47. Ke3
Kf7 48. g3 Nb6 49. Ra7+ Be7 50. Rc7 Nc4+ 51. Ke2 Na3 52. Ra7 Nb5 53. Ra5 Nd4+
54. Ke3 Bg5+ 55. f4 Nc2+ 56. Kf3 Bf6 57. Ra7+ Kg8 58. Rc7 Nd4+ 59. Ke3 h5 60.
Ra7 h4 61. gxh4 exf4+ 62. Kxf4 Nb5 63. Ra5 Nc3 64. h5 Kg7 65. Ra7+ Kh6 66. hxg6
Kxg6 67. Kg4 N3xe4 68. h4 Nf2+ 69. Kg3 Nce4+ 70. Kf4 Bxh4 71. Rd7 Bg3+ 72. Kf3
Kf6 73. Rxd6+ Bxd6 74. Ke3 Ke5 75. Kf3 Kxd5 76. Ke3 Ke5 77. Kf3 Bc5 78. Ke2 Kf4
79. Ke1 Kf3 80. Kf1 Ng3+ 81. Kg1 0-1

[Event "TCh-FRA Top 16 GpB 2022"]
[Site "Chartres FRA"]
[Date "2022.06.12"]
[Round "4.3"]
[Board "1"]
[White "Donchenko, Alexander"]
[Black "Erigaisi, Arjun"]
[Result "1-0"]
[WhiteTitle "GM"]
[BlackTitle "GM"]
[WhiteElo "2602"]
[BlackElo "2681"]
[WhiteTeam "Vandoeuvre-Echecs"]
[BlackTeam "Mulhouse Philidor"]
[WhiteFideId "24603295"]
[BlackFideId "35009192"]
[EventDate "2022.06.09"]

1. c4 Nf6 2. Nf3 g6 3. Nc3 Bg7 4. e4 d6 5. d4 O-O 6. Be2 e5 7. O-O Na6 8. Re1
Bg4 9. Be3 Bxf3 10. Bxf3 exd4 11. Bxd4 Re8 12. Rb1 c6 13. Be3 Qe7 14. Qd2 Nd7
15. Rbd1 Be5 16. Bg5 Nf6 17. Ne2 Nc5 18. Nd4 a5 19. b3 Qc7 20. g3 Nfd7 21. Bg2
Bf6 22. Bh6 Ne5 23. Qc2 Qb6 24. Nf3 Nxf3+ 25. Bxf3 Be5 26. Qd2 Qb4 27. Re2 Ne6
28. Be3 Qxd2 29. Rexd2 a4 30. b4 Bc3 31. Rd3 d5 32. Rxd5 Bxb4 33. Rd7 Bc5 34.
Rxb7 Bxe3 35. fxe3 Rab8 36. Rdb1 Rxb7 37. Rxb7 Rd8 38. e5 Rd2 39. Bxc6 Rxa2 40.
Ra7 Re2 41. Be8 Kf8 42. Bxf7 a3 43. Bxe6 a2 44. Rf7+ 1-0

[Event "TCh-FRA Top 16 GpB 2022"]
[Site "Chartres FRA"]
[Date "2022.06.12"]
[Round "4.3"]
[Board "2"]
[White "Nihal, Sarin"]
[Black "Hamitevici, Vladimir"]
[Result "1-0"]
[WhiteTitle "GM"]
[BlackTitle "GM"]
[WhiteElo "2654"]
[BlackElo "2482"]
[WhiteTeam "Mulhouse Philidor"]
[BlackTeam "Vandoeuvre-Echecs"]
[WhiteFideId "25092340"]
[BlackFideId "13902393"]
[EventDate "2022.06.09"]

1. g3 c5 2. Bg2 Nc6 3. c4 g6 4. Nc3 Bg7 5. d3 d6 6. Qd2 e5 7. e3 Nge7 8. Nge2 h5
9. h4 Bg4 10. b3 Bh6 11. Ne4 Kf8 12. Bb2 Nf5 13. f4 Bxe2 14. Qxe2 Bg7 15. O-O-O
a5 16. Bh3 a4 17. bxa4 Rxa4 18. Bxf5 gxf5 19. Nc3 Ra6 20. a3 Ne7 21. Rhf1 Rh6
22. Nb5 Qa5 23. e4 fxe4 24. fxe5 dxe5 25. dxe4 Qb6 26. Rd7 Qe6 27. Rd8# 1-0

[Event "TCh-FRA Top 16 GpB 2022"]
[Site "Chartres FRA"]
[Date "2022.06.12"]
[Round "4.3"]
[Board "3"]
[White "Brunner, Nicolas"]
[Black "Mendonca, Leon Luke"]
[Result "1/2-1/2"]
[WhiteTitle "IM"]
[BlackTitle "GM"]
[WhiteElo "2457"]
[BlackElo "2562"]
[WhiteTeam "Vandoeuvre-Echecs"]
[BlackTeam "Mulhouse Philidor"]
[WhiteFideId "620246"]
[BlackFideId "35028561"]
[EventDate "2022.06.09"]

1. d4 Nf6 2. c4 e6 3. Nf3 d5 4. Nc3 c5 5. cxd5 Nxd5 6. e4 Nxc3 7. bxc3 cxd4 8.
cxd4 Bb4+ 9. Bd2 Bxd2+ 10. Qxd2 O-O 11. Bc4 Nc6 12. O-O b6 13. Rad1 Bb7 14. d5
Na5 15. dxe6 Nxc4 16. exf7+ Kh8 17. Qxd8 Raxd8 18. Rxd8 Rxd8 19. e5 Rc8 20. e6
Bd5 21. Ng5 Nd6 22. Rd1 Bxe6 23. f8=Q+ Rxf8 24. Nxe6 Rc8 25. g3 Ne4 26. Rd7 Nc5
27. Nxc5 bxc5 28. Kf1 h6 29. Rxa7 c4 30. Ke2 c3 31. Kd1 Rd8+ 32. Kc2 Rd2+ 33.
Kxc3 Rxf2 34. Kb3 Rxh2 35. Rc7 Kh7 36. a4 Rh1 37. Rc3 Kg6 38. a5 Ra1 39. Kb4 Kf5
40. Ra3 Rb1+ 41. Kc5 Kg4 42. a6 Rb8 43. a7 Ra8 44. Kb6 h5 45. Kb7 Rf8 46. Rc3 g5
47. Rc8 Rf7+ 48. Rc7 Rf8 49. Rc8 Rf7+ 50. Rc7 Rf8 51. Rg7 Kxg3 52. Rxg5+ Kh4 53.
Rg7 Kh3 54. a8=Q Rxa8 55. Kxa8 h4 56. Kb7 Kh2 57. Kc6 h3 58. Kd5 Kh1 59. Ke4 h2
60. Ra7 Kg2 61. Ra2+ Kg3 62. Rxh2 Kxh2 1/2-1/2

[Event "TCh-FRA Top 16 GpB 2022"]
[Site "Chartres FRA"]
[Date "2022.06.12"]
[Round "4.3"]
[Board "4"]
[White "Papadiamandis, Elliot"]
[Black "Solodovnichenko, Yuri"]
[Result "0-1"]
[WhiteTitle "IM"]
[BlackTitle "GM"]
[WhiteElo "2372"]
[BlackElo "2492"]
[WhiteTeam "Mulhouse Philidor"]
[BlackTeam "Vandoeuvre-Echecs"]
[WhiteFideId "36074160"]
[BlackFideId "14104369"]
[EventDate "2022.06.09"]

1. e4 c5 2. Nf3 Nc6 3. d4 cxd4 4. Nxd4 Nf6 5. Nc3 d6 6. Bg5 e6 7. Qd2 a6 8.
O-O-O Bd7 9. f4 Be7 10. Nf3 b5 11. Bxf6 gxf6 12. f5 Qa5 13. Kb1 h5 14. Bd3 O-O-O
15. Rhf1 Kb8 16. Qf2 Rc8 17. Ne2 Nb4 18. a3 Nc6 19. Nfd4 Nxd4 20. Qxd4 h4 21. g4
hxg3 22. hxg3 Kb7 23. Rh1 Qb6 24. Qxb6+ Kxb6 25. Nf4 Rcg8 26. fxe6 fxe6 27. Rxh8
Rxh8 28. Ng6 Re8 29. Rh1 Bd8 30. Rh7 Bc6 31. Rg7 e5 32. Nh4 d5 33. exd5 Bxd5 34.
Nf5 e4 35. Be2 Bc7 36. Ne3 Be6 37. Bh5 Rh8 38. Re7 Bc8 39. g4 Be5 40. c3 Kc5 41.
Kc2 Kd6 42. Rg7 Bf4 43. Kd2 f5 44. Ke2 fxg4 45. Rg6+ Ke5 46. Nxg4+ Kf5 47. Nf6
Be6 48. Rg4 Bc4+ 49. Kf2 Be5 50. Bg6+ Kxf6 51. Bxe4 Rh2+ 52. Ke3 Re2+ 53. Kf3
Rxb2 0-1

[Event "TCh-FRA Top 16 GpB 2022"]
[Site "Chartres FRA"]
[Date "2022.06.12"]
[Round "4.3"]
[Board "5"]
[White "Nezar, Mustapha"]
[Black "Terrieux, Kevin"]
[Result "1/2-1/2"]
[WhiteTitle "IM"]
[BlackTitle "IM"]
[WhiteElo "2357"]
[BlackElo "2448"]
[WhiteTeam "Vandoeuvre-Echecs"]
[BlackTeam "Mulhouse Philidor"]
[WhiteFideId "608637"]
[BlackFideId "622591"]
[EventDate "2022.06.09"]

1. e4 e6 2. d3 d5 3. Nd2 c5 4. Ngf3 Nc6 5. g3 g6 6. Bg2 Bg7 7. O-O Nge7 8. Re1
O-O 9. c3 b6 10. e5 h6 11. Nf1 Qc7 12. Qe2 Ba6 13. h4 Rad8 14. N1h2 Kh7 15. Ng4
Ng8 16. Bf4 Qe7 17. Qd2 Bc8 18. d4 Ba6 19. h5 cxd4 20. Nxd4 Nxd4 21. hxg6+ fxg6
22. cxd4 Rc8 23. Rac1 Qf7 24. Bh3 g5 25. Be3 h5 26. Nh2 g4 27. Bg2 Nh6 28. f3 1/2-1/2

[Event "TCh-FRA Top 16 GpB 2022"]
[Site "Chartres FRA"]
[Date "2022.06.12"]
[Round "4.3"]
[Board "6"]
[White "Burri, Quentin"]
[Black "Savina, Anastasia"]
[Result "1-0"]
[WhiteTitle "IM"]
[BlackTitle "IM"]
[WhiteElo "2402"]
[BlackElo "2358"]
[WhiteTeam "Mulhouse Philidor"]
[BlackTeam "Vandoeuvre-Echecs"]
[WhiteFideId "26028654"]
[BlackFideId "4196872"]
[EventDate "2022.06.09"]

1. e4 e5 2. Nf3 Nc6 3. Bb5 a6 4. Ba4 Nf6 5. O-O Be7 6. d3 d6 7. c3 O-O 8. Re1
Re8 9. Nbd2 Bf8 10. d4 exd4 11. cxd4 b5 12. Bc2 Bg4 13. Nf1 g6 14. h3 Bxf3 15.
gxf3 Nh5 16. d5 Ne5 17. f4 Nc4 18. Ng3 Nxg3 19. fxg3 Bg7 20. Rb1 c5 21. b3 Bd4+
22. Kg2 Nb6 23. Be3 Rc8 24. Bxd4 cxd4 25. Re2 Qf6 26. Qd2 Rc3 27. Rd1 Rec8 28.
Bb1 Nd7 29. Qxd4 Qxd4 30. Rxd4 Rc1 31. Bd3 Rd1 32. e5 dxe5 33. fxe5 Rc3 34. e6
fxe6 35. dxe6 Rcxd3 36. Rxd3 Rxd3 37. e7 Nf6 38. Rf2 Re3 39. Rxf6 Rxe7 40. Rxa6
Re3 41. Kf2 Rc3 42. Rb6 Rc2+ 43. Kf3 Rxa2 44. Rxb5 Ra7 45. Re5 Kf7 46. Re3 Ra1
47. Ke2 Rh1 48. h4 Kf6 49. Kd3 g5 50. hxg5+ Kxg5 51. b4 Kg4 52. Kd4 h5 53. b5
Rb1 54. Kc5 Rc1+ 55. Kb4 Rb1+ 56. Rb3 1-0

[Event "TCh-FRA Top 16 GpB 2022"]
[Site "Chartres FRA"]
[Date "2022.06.12"]
[Round "4.3"]
[Board "7"]
[White "Adrian, Claude"]
[Black "Riff, Jean-Noel"]
[Result "1-0"]
[WhiteTitle "IM"]
[BlackTitle "GM"]
[WhiteElo "2173"]
[BlackElo "2451"]
[WhiteTeam "Vandoeuvre-Echecs"]
[BlackTeam "Mulhouse Philidor"]
[WhiteFideId "601071"]
[BlackFideId "611190"]
[EventDate "2022.06.09"]

1. Nf3 Nf6 2. c4 e6 3. g3 d5 4. d4 Be7 5. Bg2 O-O 6. O-O dxc4 7. Na3 Bxa3 8.
bxa3 Bd7 9. Ne5 Bc6 10. Nxc6 Nxc6 11. Rb1 Rb8 12. e3 Nd5 13. Bd2 Qd6 14. Qc1 b5
15. a4 a6 16. axb5 axb5 17. a4 c3 18. Bxc3 bxa4 19. Ba1 Na5 20. e4 Rxb1 21. Qxb1
Nb6 22. Rd1 Nb3 23. Bc3 Rd8 24. Bf3 Qc6 25. Rd3 Nc4 26. d5 exd5 27. Rxd5 Rxd5
28. exd5 Qe8 29. Qf5 Ncd2 30. Be2 f6 31. Bd3 Qe1+ 32. Kg2 1-0

[Event "TCh-FRA Top 16 GpB 2022"]
[Site "Chartres FRA"]
[Date "2022.06.12"]
[Round "4.3"]
[Board "8"]
[White "Navrotescu, Andreea"]
[Black "Steil-Antoni, Fiona"]
[Result "1-0"]
[WhiteTitle "WIM"]
[BlackTitle "WIM"]
[WhiteElo "2350"]
[BlackElo "2191"]
[WhiteTeam "Mulhouse Philidor"]
[BlackTeam "Vandoeuvre-Echecs"]
[WhiteFideId "675946"]
[BlackFideId "4001249"]
[EventDate "2022.06.09"]

1. c4 e6 2. Nc3 d5 3. d4 c6 4. Nf3 dxc4 5. e3 b5 6. a4 Bb4 7. Bd2 a5 8. axb5
Bxc3 9. Bxc3 cxb5 10. b3 Bb7 11. bxc4 b4 12. Bb2 Nf6 13. Bd3 O-O 14. Qc2 Nbd7
15. O-O h6 16. e4 Qe7 17. d5 Nc5 18. Rfd1 a4 19. e5 Nfd7 20. Bd4 Nb3 21. d6 Qd8
22. Rxa4 Rxa4 23. Qxb3 Bxf3 24. gxf3 Qg5+ 25. Kf1 Raa8 26. Be4 Rab8 27. c5 Nxe5
28. c6 Ng6 29. c7 Rbc8 30. Qxb4 Nf4 31. Be3 Qg2+ 32. Ke1 Nd5 33. Bxd5 exd5 34.
d7 Qh3 35. Qxf8+ Rxf8 36. d8=Q 1-0

[Event "TCh-FRA Top 16 GpB 2022"]
[Site "Chartres FRA"]
[Date "2022.06.12"]
[Round "4.4"]
[Board "1"]
[White "Le Hetet, Nicolas"]
[Black "Neiksans, Arturs"]
[Result "0-1"]
[WhiteTitle "FM"]
[BlackTitle "GM"]
[WhiteElo "2372"]
[BlackElo "2590"]
[WhiteTeam "Echiquier Agenais"]
[BlackTeam "Les Tours des Hauts de France - St Quentin"]
[WhiteFideId "634824"]
[BlackFideId "11601388"]
[EventDate "2022.06.09"]

1. e4 c5 2. Nf3 e6 3. d4 cxd4 4. Nxd4 Nc6 5. Nc3 Qc7 6. Be3 a6 7. Qf3 Ne5 8. Qg3
h5 9. h4 d6 10. O-O-O Bd7 11. Kb1 Nf6 12. Be2 b5 13. a3 Rb8 14. f4 Nc4 15. Bc1
a5 16. e5 dxe5 17. fxe5 Ng4 18. Ne4 b4 19. Bxc4 Qxc4 20. b3 bxa3 21. Ka2 Qc7 22.
Nd6+ Bxd6 23. exd6 Qb7 24. Bxa3 O-O 25. Rhf1 Rfc8 26. Rd2 Qa6 27. Rf3 a4 28. Rc3
e5 29. Rc7 exd4 30. Rxd7 Rxc2+ 31. Rxc2 axb3+ 32. Qxb3 Rxb3 0-1

[Event "TCh-FRA Top 16 GpB 2022"]
[Site "Chartres FRA"]
[Date "2022.06.12"]
[Round "4.4"]
[Board "2"]
[White "Marcelin, Cyril"]
[Black "Fantinel, Thibault"]
[Result "1/2-1/2"]
[WhiteTitle "GM"]
[BlackTitle "IM"]
[WhiteElo "2440"]
[BlackElo "2388"]
[WhiteTeam "Les Tours des Hauts de France - St Quentin"]
[BlackTeam "Echiquier Agenais"]
[WhiteFideId "607274"]
[BlackFideId "663395"]
[EventDate "2022.06.09"]

1. Nf3 Nf6 2. c4 g6 3. b3 Bg7 4. Bb2 O-O 5. g3 c5 6. Bg2 d6 7. O-O e5 8. Nc3 Nc6
9. d3 h6 10. Ne1 Be6 11. Nd5 Qd7 12. Qd2 Kh7 13. f4 Bh3 14. e4 Nxd5 15. cxd5 Nd4
16. f5 Bxg2 17. Qxg2 Bf6 18. Nf3 1/2-1/2

[Event "TCh-FRA Top 16 GpB 2022"]
[Site "Chartres FRA"]
[Date "2022.06.12"]
[Round "4.4"]
[Board "3"]
[White "Kirk, Ezra"]
[Black "Kulaots, Kaido"]
[Result "0-1"]
[WhiteTitle "IM"]
[BlackTitle "GM"]
[WhiteElo "2457"]
[BlackElo "2537"]
[WhiteTeam "Echiquier Agenais"]
[BlackTeam "Les Tours des Hauts de France - St Quentin"]
[WhiteFideId "600067"]
[BlackFideId "4500261"]
[EventDate "2022.06.09"]

1. d4 Nf6 2. Nf3 e6 3. Bf4 b6 4. e3 Be7 5. h3 O-O 6. Nbd2 c5 7. c3 Ba6 8. Bxa6
Nxa6 9. Qe2 Nb8 10. O-O Nc6 11. dxc5 bxc5 12. e4 d5 13. exd5 exd5 14. Qb5 Qb6
15. a4 Rfc8 16. Rfe1 Qd8 17. Qd3 h6 18. Rad1 Bd6 19. Bxd6 Qxd6 20. Ne4 Nxe4 21.
Rxe4 Rd8 22. Re2 Rab8 23. Qf5 g6 24. Qg4 Qf6 25. h4 d4 26. h5 g5 27. cxd4 Nxd4
28. Nxd4 cxd4 29. Rd3 Rbc8 30. g3 Rc1+ 31. Kg2 Qc6+ 32. Qf3 Qxa4 33. Re7 Rf8 34.
Qe4 Qc2 35. Qxd4 Rb1 36. Rxa7 Qc1 37. Kf3 Qh1+ 38. Ke2 Qe1+ 39. Kf3 Qh1+ 40. Ke2
Re8+ 41. Re3 Re1+ 0-1